Can You Name All The Characteristics Of Berry From Brawl Stars? - Statistics

General Stats
  • This quiz has been taken 2 times
  • The average score is 6 of 15
Answer Stats
Hint Answer % Correct
Rarity Epic
100%
Buffies No
100%
Class Support
100%
Trio Candyland
50%
Star Power Floor is Fine
50%
Gadgets Healthy Additives
50%
Prestige Title Sweet Dreams
50%
Title Unicorn
50%
Hypercharge Double Scoops
0%
Gadgets Friendship is Great
0%
Trait Healing Done
0%
Voice Actor James Alexander
0%
Star Power Making a Mess
0%
Attack Meltdown
0%
Super Sweet Swirl
0%
No matching quizzes found
Score Distribution
Percent of People with Each Score
Percentile by Number Answered
Your Score History
You have not taken this quiz